000 00846nam a2200253 i 4500
001 bg
100 1 _aMARCINIAK, Zenon
245 1 0 _aZarządzanie wartością i ryzykiem przy wykorzystaniu instrumentów pochodnych /
_cZenon Marciniak.
260 _aWarszawa :
_bSzkoła Główna Handlowa,
_c2001.
300 _a[2], 291, [3] s. :
_bil. ;
_c24 cm.
504 _aBibliogr.
650 9 _aInstrumenty pochodne
650 9 _aRyzyko
_xzarządzanie
_xmetody
650 9 _aWartość ekonomiczna
_xzarządzanie
_xmetody
655 _aPodręczniki akademickie
020 _a8372251266
040 _cBPK
041 0 _apl
080 _a658.14/.17.012.4:336.764/.768](075.8)
920 _a83-7225-126-6
942 _cKS
008 s pl f |000 0 pol
999 _c41778
_d41778
856 _uhttp://koha.tu.koszalin.pl/cgi-bin/koha/opac-detail.pl?biblionumber=41778
_yKatalog online BPK